Eurowizja 2014-2019 - Statystyki

Ogólne statystyki
  • Ten quiz został rozwiązany 290 razy
  • Średni wynik to 12 z 15
Statystyki odpowiedzi
Piosenka Kraj % Poprawnych
Heroes Szwecja
99%
Scream Rosja
94%
Fuego Cypr
90%
Icebreaker Norwegia
85%
Yodel It! Rumunia
83%
What's The Pressue Belgia
81%
O Jardim Portugalia
81%
Proud Macedonia Północna
80%
Goodbye To Yesterday Estonia
78%
Origo Węgry
76%
Love Injected Łotwa
75%
Utopian Land Grecja
69%
Mall Albania
68%
Fly With Me Armenia
66%
FOREVER Białoruś
65%
Nie znaleziono quizów pasujących do podanych kryteriów
Rozkład punktacji
Procent ludzi z każdym wynikiem
Percentyl według liczby udzielonych odpowiedzi
Twoja historia wyników
Nie rozwiązałeś tego quizu